|
|
|
|
| LEADER |
00000naa2a2200000 4500 |
| 001 |
74053 |
| 005 |
20231031084856.0 |
| 035 |
|
|
|a (RuTPU)RU\TPU\book\78986
|
| 090 |
|
|
|a 74053
|
| 100 |
|
|
|a 20050228d2000 k y0rusy50 ca
|
| 101 |
0 |
|
|a rus
|
| 102 |
|
|
|a RU
|
| 200 |
1 |
|
|a Томский политехнический университет и мировые тенденции интернационализации высшего образования
|f А. И. Чучалин, О. В. Боев
|
| 463 |
|
1 |
|0 (RuTPU)RU\TPU\book\14603
|t Проблемы и практика инженерного образования. Высшее техническое образование: Качество и интернационализация
|o труды IV Международной научно-практической конференции, 14-17 марта 2000 г., г. Томск
|f Томский политехнический университет
|v С. 9-10
|d 2000
|p 190 с.
|
| 610 |
1 |
|
|a образование
|
| 610 |
1 |
|
|a интернационализация
|
| 610 |
1 |
|
|a Томский политехнический университет
|
| 610 |
1 |
|
|a образовательные программы
|
| 610 |
1 |
|
|a качество
|
| 610 |
1 |
|
|a труды учёных ТПУ
|
| 700 |
|
1 |
|a Чучалин
|b А. И.
|c профессор Томского политехнического университета, доктор технических наук
|c проректор по образовательной и международной деятельности
|f 1952-
|g Александр Иванович
|2 stltpush
|3 (RuTPU)RU\TPU\pers\22021
|
| 701 |
|
1 |
|a Боев
|b О. В.
|c директор Центра международных образовательных программ Томского политехнического университета
|g Олег Владимирович
|2 stltpush
|3 (RuTPU)RU\TPU\pers\26490
|4 070
|
| 801 |
|
1 |
|a RU
|b 63413507
|c 20050228
|g PSBO
|
| 801 |
|
2 |
|a RU
|b 63413507
|c 20130918
|g PSBO
|
| 942 |
|
|
|c BK
|